Тестовий запис (Record no. 205754)
[ view plain ]
| 000 -Маркер запису | |
|---|---|
| Маркер (контрольне поле довжиною 24 байти) | 00320nam a2200133 4500 |
| 001 - Ідентифікатор запису | |
| Ідентифікатор запису | 205754 |
| 005 - Ідентифікатор версії | |
| Ідентифікатор версії | 20240318101042.0 |
| 100 ## - Дані загальної обробки | |
| Дані загальної обробки | 20240318 ukry50 |
| 101 ## - Мова | |
| Мова тексту, звукової доріжки тощо | українська |
| 102 ## - Країна публікації/виробництва | |
| Країна публікації | Україна |
| 200 1# - Назва | |
| Основна назва | Тестовий запис |
| Паралельна назва | Тестова назва |
| 801 ## - Джерело походження запису | |
| Код бібліографічного формату | unimarc |
| Країна | Україна |
| Правила каталогізації | psbo |
| Первісний контрольний номер | psbo |
| 942 ## - Додаткові дані (Коха) | |
| Тип одиниці (рівень запису) | Книги |
| Джерельне місце зберігання | Поточне місце зберігання чи видачі | Тип одиниці (рівень примірника) <br/> | Інвентарний номер | Штрих-код | Джерело класифікації чи схема поличного розташування | Дата внесення в Коха | Стан списання <br/> <br/> | Стан обігу (не для випожичання) | Стан пошкодження | Стан втрати/відсутності | Дата останнього випожичання чи повернення | Дата, коли останній раз бачено примірник | Дата останнього редагування примірника |
|---|---|---|---|---|---|---|---|---|---|---|---|---|---|
| Читальний зал | Читальний зал | Книги | 202241 | 202241 | Універсальна десяткова класифікація (УДК) | 18/03/2024 | 18/03/2024 | 18/03/2024 | 2024-03-18 10:11:34 |